|
|
|
|
| LEADER |
00000nam a2200000 a 4500 |
| 005 |
20111007133657.0 |
| 008 |
970314s2011 sp |||| |||| 000 0 spa|c |
| 017 |
|
|
|a DL SE. 227-2011
|
| 020 |
|
|
|a 9788499820736
|
| 035 |
|
|
|a 5866
|
| 040 |
|
|
|d vLex
|
| 043 |
|
|
|a e-sp---
|b e-sp---
|2 catmarc
|
| 080 |
|
|
|a 347
|
| 090 |
|
|
|c 2633
|d 2633
|
| 100 |
1 |
|
|a Echevarra̕ de Rada, Teresa
|
| 245 |
1 |
3 |
|a El Contrato de alimentos en el Cd̤igo civil
|h [Recurso electrn̤ico] /
|c Teresa Echevarra̕ de Rada
|
| 256 |
|
|
|a Servicio en ln̕ea.
|
| 260 |
|
|
|a Madrid :
|b Dykinson :
|b Universidad Rey Juan Carlos,
|c DL 2011
|
| 300 |
|
|
|a 1 recurso electrn̤ico
|
| 504 |
|
|
|a Bibliografa̕, p. [169]-174
|
| 506 |
1 |
|
|a Contenido solo disponible en los productos indicados
|d vLex Global
|d vLex Global (Academic Edition, excluding Law Schools)
|d vLex Global (U.S. Academic Edition, Law Schools)
|d vLex Global (U.S. Academic Edition, excluding Law Schools)
|d vLex Global (Academic Edition, Law Schools)
|
| 650 |
|
4 |
|a Manutencin̤ (Derecho de familia)
|z Espaą
|
| 650 |
|
4 |
|a Pensiones alimentarias (Derecho de familia)
|z Espaą
|
| 650 |
|
4 |
|a Disminuidos
|z Espaą
|x Proteccin̤
|
| 650 |
|
4 |
|a Ancianos
|z Espaą
|x Proteccin̤
|
| 650 |
|
4 |
|a Cesin̤ de bienes
|z Espaą
|
| 710 |
2 |
|
|a Universidad Rey Juan Carlos.
|b Servicio de Publicaciones
|
| 740 |
0 |
|
|a vLex Libros (Servicio en ln̕ea)
|
| 830 |
|
0 |
|a Ciencias jurd̕icas y sociales ;
|v 131
|
| 856 |
4 |
0 |
|u http://vlex.com/source/contrato-alimentos-codigo-civil-5866
|z Acceso restringido. Tomo IV.
|
| 942 |
|
|
|c BOOK
|